[Event "Let's Play Chess!"]
[Site "http://www.queenalice.com/game.php?id=41553"]
[Date "2005.12.5"]
[Round "-"]
[White "dll"]
[Black "JimMorrisson"]
[Result "0-1"]
[WhiteElo "2051"]
[BlackElo "2149"]

1. e4 c5 2. Nf3 e6 3. d4 cxd4 4. Nxd4 a6 5. Bd3 Qc7 6. O-O Nf6 7. c4 Nc6 8. Nxc6
bxc6 9. Nc3 e5 10. Be3 d6 11. h3 Be7 12. Qa4 O-O 13. Rfd1 Nd7 14. b4 a5 15. Bf1
Bb7 16. b5 Nc5 17. Bxc5 dxc5 18. Rab1 cxb5 19. Qxb5 Bc6 20. Nd5 Bxd5 21. cxd5
Rfc8 22. Bc4 Rab8 23. Qa4 Rb4 24. Qc2 Rcb8 25. a3 R4b6 26. a4 Rb4 27. Bb5 Qd6
28. Rxb4 cxb4 29. Rc1 Bg5 30. Rd1 Rd8 31. g3 g6 32. h4 Bh6 33. Re1 Qb6 34. Qc4
Bd2 35. Rd1 Bc3 36. Kg2 Rd6 37. h5 Rf6 38. Rf1 gxh5 39. Qc8+ Kg7 40. Be2 Qd4 41.
Qc4 b3 42. Qxd4 Bxd4 43. f4 h4 44. fxe5 Rxf1 45. Bxf1 hxg3 46. Kxg3 Bxe5+ 47.
Kh4 Kg6 48. Bd3 h5 49. d6 Bf6+ 50. Kg3 Kg5 51. d7 h4+ 52. Kf3 Bd8 53. e5 h3 54.
Kg3 h2 55. Kxh2 Kf4 56. Kg2 Kxe5 57. Kf3 Kd4 58. Ke2 Kc3 59. Be4 Kb2 60. Kd1 Ka1
0-1

[Event "AUTO-ELITE-18"]
[Site "http://www.queenalice.com/game.php?id=41559"]
[Date "2005.12.4"]
[Round "1"]
[White "Asterix"]
[Black "dll"]
[Result "0-1"]
[WhiteElo "1940"]
[BlackElo "2025"]

1. e4 c5 2. Nf3 g6 3. Nc3 Nc6 4. Bc4 Bg7 5. O-O e6 6. d3 a6 7. Be3 d6 8. d4 cxd4
9. Nxd4 Nge7 10. Qd3 Ne5 11. Qe2 Nxc4 12. Qxc4 b5 13. Qd3 Bb7 14. b4 O-O 15.
Rab1 Rc8 16. Bg5 Qc7 17. Bxe7 Qxe7 18. Rb3 Rc4 19. Nde2 Rfc8 20. f4 Qc7 21. Rf3
Qc6 22. f5 exf5 23. exf5 Be5 24. h3 Qb6+ 25. Rf2 Qc6 26. Rf3 Rxb4 27. Rxb4 Qc5+
28. Rf2 Qxb4 29. fxg6 hxg6 30. Nd1 Qc4 31. Qxc4 Rxc4 32. c3 Ra4 33. Nc1 Kg7 34.
Nd3 Bg3 35. Re2 Bd5 36. Nb4 Bc4 37. Rd2 a5 38. Nb2 Bf4 39. Rc2 Be3+ 40. Kh2 axb4
41. Nxa4 bxa4 42. cxb4 d5 43. Kg3 Kf6 44. Kf3 Bb6 45. Kf4 Bc7+ 46. Kf3 Ke5 47.
a3 Kd4 48. Rc1 Kd3 0-1

[Event "AUTO-ELITE-18"]
[Site "http://www.queenalice.com/game.php?id=41560"]
[Date "2005.12.4"]
[Round "1"]
[White "dll"]
[Black "Asterix"]
[Result "1-0"]
[WhiteElo "1926"]
[BlackElo "1890"]

1. e4 e5 2. Nf3 Nc6 3. Bb5 Nge7 4. O-O a6 5. Bc4 b5 6. Bb3 d6 7. h3 Na5 8. d4
Nxb3 9. axb3 Bb7 10. Re1 Ng6 11. Nc3 Be7 12. d5 h6 13. Ne2 O-O 14. Ng3 c6 15. c4
cxd5 16. cxd5 Rc8 17. Be3 Nh4 18. Nxh4 Bxh4 19. Nf5 Bg5 20. Qg4 g6 21. Nxh6+
Bxh6 22. Bxh6 Re8 23. Bg5 f5 24. exf5 Qd7 25. Rad1 Qxf5 26. Qh4 Rc2 27. Re3 Rc5
28. Red3 e4 29. g4 Qf7 30. Bf6 Qh7 31. Qxh7+ Kxh7 32. R3d2 Kg8 33. b4 Rc4 34.
Bc3 Rf8 35. Re1 Re8 36. Kh2 Re5 37. Kg3 Rxd5 38. Rxd5 Bxd5 39. Rd1 Bb7 40. Rxd6
Rc6 41. Rd7 1-0

[Event "AUTO-ELITE-18"]
[Site "http://www.queenalice.com/game.php?id=41579"]
[Date "2005.12.4"]
[Round "1"]
[White "dll"]
[Black "Allskor"]
[Result "0-1"]
[WhiteElo "1898"]
[BlackElo "2221"]

1. e4 e6 2. d4 d5 3. Nd2 Nc6 4. c3 dxe4 5. Nxe4 e5 6. d5 Nce7 7. Bb5+ c6 8. dxc6
Qxd1+ 9. Kxd1 Nxc6 10. Nf3 Bg4 11. Ke1 Rd8 12. Be3 Bxf3 13. gxf3 a6 14. Ba4 h6
15. Rd1 Rxd1+ 16. Kxd1 f5 17. Nd2 Ne7 18. f4 exf4 19. Bxf4 g5 20. Bd6 Kd7 21.
Bxe7 Bxe7 22. Nf3 Rd8 23. Ke2 Kc7 24. Bc2 Rf8 25. Rd1 Bd6 26. h3 g4 27. hxg4
fxg4 28. Nd2 h5 29. Rh1 Rh8 30. Ne4 Be7 31. Ke3 Ne5 0-1

[Event "AUTO-ELITE-18"]
[Site "http://www.queenalice.com/game.php?id=41580"]
[Date "2005.12.4"]
[Round "1"]
[White "Allskor"]
[Black "dll"]
[Result "1-0"]
[WhiteElo "2219"]
[BlackElo "1902"]

1. d4 Nf6 2. Nf3 g6 3. c3 d6 4. Bg5 Bg7 5. Nbd2 Nbd7 6. e4 c5 7. e5 dxe5 8. dxe5
Ng4 9. e6 fxe6 10. Qa4 Nf6 11. Bc4 Qb6 12. O-O Nd5 13. Rfe1 Bf6 14. Bxf6 Nxf6
15. Rxe6 Qxb2 16. Rb1 Qxc3 17. Re3 Qxe3 18. fxe3 Kf8 19. Ng5 e5 20. Qb3 Ke7 21.
Bb5 Rf8 22. Qe6+ Kd8 23. Nc4 a6 24. Bxd7 Nxd7 25. Rd1 1-0

[Event "Challenge"]
[Site "http://www.queenalice.com/game.php?id=42129"]
[Date "2005.12.7"]
[Round "-"]
[White "dll"]
[Black "cruiseyleemorph"]
[Result "0-1"]
[WhiteElo "1850"]
[BlackElo "2026"]

1. e4 c5 2. Nf3 e6 3. c3 d5 4. exd5 Qxd5 5. d4 Nf6 6. Be2 Be7 7. Na3 O-O 8. O-O
cxd4 9. Nb5 Na6 10. Qxd4 Bd7 0-1

[Event "Challenge"]
[Site "http://www.queenalice.com/game.php?id=42746"]
[Date "2005.12.10"]
[Round "-"]
[White "mav40121"]
[Black "dll"]
[Result "1-0"]
[WhiteElo "1787"]
[BlackElo "2026"]

1. e4 c5 2. Nf3 g6 3. c3 Bg7 4. Bc4 e6 5. O-O Ne7 6. d4 cxd4 7. cxd4 d5 8. exd5
Nxd5 9. Nc3 Nxc3 10. bxc3 O-O 11. Ba3 Re8 12. Qe2 Nc6 13. Bb5 Qc7 14. Qe4 Bd7
15. c4 a6 16. Ba4 Nxd4 17. Bxd7 Nxf3+ 18. Qxf3 Qxd7 19. Rad1 Qc8 20. Qe2 Qc6 21.
Rd6 Qa4 22. Qd3 Bf8 23. Rd1 1-0

[Event "Challenge"]
[Site "http://www.queenalice.com/game.php?id=42747"]
[Date "2005.12.10"]
[Round "-"]
[White "dll"]
[Black "mav40121"]
[Result "0-1"]
[WhiteElo "1991"]
[BlackElo "1813"]

1. e4 e5 2. Nf3 d6 3. d4 exd4 4. Nxd4 Bd7 5. Nc3 c6 6. Bc4 h6 7. Be3 Nf6 8. Bb3
c5 9. Nde2 Be7 10. O-O Bc6 11. f3 O-O 12. Nf4 g5 13. Nfd5 Bxd5 14. Nxd5 Nxd5 15.
Bxd5 Qd7 16. h4 Kg7 17. Qd2 f6 18. Rad1 Nc6 19. f4 Qg4 0-1

[Event "Challenge"]
[Site "http://www.queenalice.com/game.php?id=42836"]
[Date "2005.12.10"]
[Round "-"]
[White "Reddaz"]
[Black "dll"]
[Result "0-1"]
[WhiteElo "1798"]
[BlackElo "2031"]

1. e4 c5 2. d4 cxd4 3. Qxd4 Nc6 4. Qd1 Nf6 5. Nc3 e6 6. f4 Bb4 7. Bd2 Bxc3 8.
Bxc3 Nxe4 9. Qf3 Nxc3 10. Qxc3 O-O 11. O-O-O d5 12. Nf3 Bd7 13. h4 Rc8 14. Bb5
Qb6 15. Bxc6 Bxc6 16. Ne5 Ba4 17. Qd3 Bxc2 0-1

[Event "AUTO-ELITE-31"]
[Site "http://www.queenalice.com/game.php?id=53328"]
[Date "2006.2.16"]
[Round "1"]
[White "dll"]
[Black "mikaio"]
[Result "0-1"]
[WhiteElo "1802"]
[BlackElo "2004"]

1. e4 c5 2. Nf3 d6 3. d4 cxd4 4. Nxd4 Nc6 5. Nc3 a6 6. Be3 e5 7. Nb3 Nf6 8. Be2
Be7 9. O-O O-O 10. a4 Be6 0-1

[Event "AUTO-ELITE-31"]
[Site "http://www.queenalice.com/game.php?id=53329"]
[Date "2006.2.16"]
[Round "1"]
[White "mikaio"]
[Black "dll"]
[Result "1-0"]
[WhiteElo "2012"]
[BlackElo "1794"]

1. d4 Nf6 2. c4 g6 3. Nc3 Bg7 4. Nf3 O-O 5. g3 d6 6. Bg2 c6 7. O-O Nbd7 8. e4 e5
9. d5 cxd5 10. cxd5 Nc5 11. Bg5 1-0